Statistics for "Mis" Vocabulary Words

Click here to take the quiz!

General Stats

  • This quiz has been taken 41,739 times
    (35,494 since last reset)
  • The average score is 14 of 20

Answer Stats

DefinitionWord% Correct
To put an object down, and
then forget where it is
Misplace
88%
To not bring a fetus to termMiscarry
87%
To say a word incorrectlyMispronounce
87%
To incorrectly determine the
cause of an illness
Misdiagnose
85%
To enter the wrong telephone numberMisdial
84%
Gun failureMisfire
82%
Crime that is less than a felonyMisdemeanor
80%
To put an actor in the wrong roleMiscast
79%
An unsuitable pairingMismatch
76%
One who hates womenMisogynist
76%
A mistake in the newspaperMisprint
74%
To incorrectly distribute playing cardsMisdeal
73%
Nuisance or harm, such as what
a leprechaun might cause
Mischief
71%
Bad luckMisfortune
70%
A hung jury causes thisMistrial
69%
To treat a package without
proper care
Mishandle
68%
To multiply incorrectly, e.g.Miscalculate
57%
Malformed. Like a bumpy head, perhaps.Misshapen
45%
One who hates the human raceMisanthrope
35%
A criminal or immoral actionMisdeed
18%

Score Distribution

Percentile by Number Answered

Percent of People with Each Score

Your Score History

You have not taken this quiz since the last reset